000 00432nam a22001697a 4500
999 _c10939
_d10939
003 OSt
008 210915b ||||| |||| 00| 0 eng d
020 _a9788126141302
082 _a543.5
_bBOE
100 _aBOSE, G.K.
245 _aEncyclopaedia of Optical Science Technology and Engineering
250 _a1st
260 _bAnmol Pub
_c2009
_aNew Delhi
300 _a303
650 _aDictionary: Encyclopedia
942 _2ddc
_cBK